Proceedings (Record no. 492239)

000 -LEADER
fixed length control field 00681cam a22001697a 4500
008 - FIXED-LENGTH DATA ELEMENTS--GENERAL INFORMATION
fixed length control field 180718b2001 xxu||||| |||| 00| 0 eng d
082 ## - DEWEY DECIMAL CLASSIFICATION NUMBER
Classification number O065x54 C832/3
100 ## - MAIN ENTRY--PERSONAL NAME
Personal name International Meeting on Verbal Autopsy and on the Epidemiological aspects of the Sample Registration System (May 25-26, 2001: Tata Institute of Fundamental Research, New Delhi)
245 ## - TITLE STATEMENT
Title Proceedings
Statement of responsibility, etc. by Centre for Disease Control and Prevention
260 ## - PUBLICATION, DISTRIBUTION, ETC.
Place of publication, distribution, etc.
Name of publisher, distributor, etc.
Date of publication, distribution, etc. 2001
300 ## - PHYSICAL DESCRIPTION
Extent 102p.
440 ## - SERIES STATEMENT/ADDED ENTRY--TITLE
Title Counting the dead in India in the 21st century: series C
650 ## - SUBJECT ADDED ENTRY--TOPICAL TERM
Topical term or geographic name entry element Epidemiology - Research
650 ## - SUBJECT ADDED ENTRY--TOPICAL TERM
Topical term or geographic name entry element Autopsy - India
650 ## - SUBJECT ADDED ENTRY--TOPICAL TERM
Topical term or geographic name entry element Registers of births, etc. - India
650 ## - SUBJECT ADDED ENTRY--TOPICAL TERM
Topical term or geographic name entry element Death - Causes
Holdings
Withdrawn status Lost status Damaged status Not for loan Permanent Location Current Location Date acquired Full call number Barcode Date last seen Price effective from Koha item type
        Indian Institute of Public Administration Indian Institute of Public Administration 2018-08-04 O065x54 C832/3 GR16111 2018-08-04 2018-08-04 GR

Powered by Koha